000 00967cam a22003011 4500
001 3596952
003 OSt
005 20150706104428.0
008 710517s1968 enkk b 000 0 eng
010 _a 68108550
015 _aB68-06596
040 _aDLC
_cDLC
_dDLC
_dMoSU-L
_dDLC
043 _ae-uk---
050 0 0 _aKD1885
_b.I85 1968
082 0 0 _a346. 086 IVA
100 1 _aIvamy, E. R. Hardy
_q(Edward Richard Hardy)
_91588
245 1 0 _aFire and motor insurance,
_cby E. R. Hardy Ivamy.
250 _a2nd ed. _
260 _aLondon :
_bButterworths,
_c1968.
300 _axxxv, 453 p.
_bforms.
_c26 cm.
490 0 _aButterworths insurance library
504 _aBibliographical footnotes.
650 0 _aFire insurance
_xLaw and legislation
_zGreat Britain.
_91589
650 0 _aAutomobile insurance
_xLaw and legislation
_zGreat Britain.
_91590
906 _a7
_bcbc
_corignew
_du
_encip
_f19
_gy-gencatlg
942 _2ddc
_cBK
999 _c544
_d544